Les 12 coups de midi | Coup fatal #15 - Statistiques

Statistiques générales
  • Ce quiz a été pris 555 fois
  • Le résultat moyen est 6 sur 23
Statistiques - réponses
Questions Réponses % Correct
Quand on va aux toilettes, que signifie le "W" de WC ? water
83%
Quel est le prénom du judoka nommé Douillet David
71%
Au casino, qui se sert d'un râteau ? croupier
54%
Quelle star du foot suédois est surnommée Ibracadabra ? Zlatan Ibrahimovic
53%
De quel chanteur Gainsbarre était-il le double ? Serge Gainsbourg
52%
Dans quel sport David Ginola s'est-il illustré ? football
49%
Dans une course cycliste, à quelle distance de l'arrivée se trouve la flamme rouge ? 1 km
41%
Quel outil de couture donne son nom aux talons des escarpins ? aiguille
37%
Quel ancien culturiste est surnommé Schwarzy ? Arnold Schwarzenegger
37%
Quelle était la nationalité de Martin Luther King ? américaine
31%
Quelle est la capitale de l'Iran ? Téhéran
30%
Dans quel manga Kamado Tanjiro s'entraîne-t-il comme pourfendeur de démons ? Demon Slayer
23%
Quel conflit déchira l'Europe de 1618 à 1648 ? guerre de Trente ans
17%
Qui incarne l'assistante de Meryl Streep dans "Le Diable s'habille en Prada" ? Anne Hathaway
15%
A quel groupe doit-on en 1969 l'album "Let It Bleed" ? Rolling Stones
10%
A quoi est accro une personne qui souffre de bigorexie ? sport
7%
Qui fut le roi des Belges de 1951 à 1993 ? Baudouin
6%
Quelle femme fut 1er ministre de l'Inde de 1966 à 1977 et de 1980 à 1984 ? Indira Gandhi
6%
Dans la série "Twin Peaks", qui fait des apparitions dans le rôle de l'agent Gordon Cole ? David Lynch
4%
Qui est "perché" dans le titre d'un roman d'Italo Calvino ? baron
2%
A quel réalisateur doit-on le film "Benedetta" en 2021 ? Paul Verhoeven
1%
A quel écrivain doit-on le roman "L'Exposition coloniale" ? Erik Orsenna
0%
A quel compositeur doit-on l'opéra intitulé "L'Amour des trois oranges" ? Prokofiev
0%
Aucun quiz correspondant
Distribution des résultats
% des personnes avec chaque résultat
Percentile par nombre de réponses
Votre historique - résultats
Vous n’avez pas pris ce quiz